Making choices
| Format: | Book |
|---|---|
| Published: |
Lexigton :
D.C Health and Company ,
1983
|
| Series: | American readers
|
| Subjects: |
MARC
| LEADER | 00000cam a2200000 7i4500 | ||
|---|---|---|---|
| 001 | 0000004937 | ||
| 002 | 000005323 | ||
| 005 | 20000330.0 | ||
| 020 | |a 0669050695 | ||
| 090 | 0 | 0 | |a 420 |b MAK |
| 245 | 0 | 0 | |a Making choices |c edited by Sandra Maccarone et.al |
| 260 | |a Lexigton : |b D.C Health and Company , |c 1983 | ||
| 300 | |a 624p. : |b ill. ; |c 25cm. | ||
| 490 | 0 | |a American readers | |
| 650 | 0 | 0 | |a English language |
| 999 | |a 037563 |b BUKU |c PINJAMAN |e PERPUSTAKAAN KOMUNITI PETALING JAYA | ||